| 000 | 00633nam a2200193Ia 4500 | ||
|---|---|---|---|
| 008 | 090124s9999 xx 000 0 und d | ||
| 082 | _b119825 | ||
| 100 | _aचेस जेम्स हॅडले | ||
| 245 | _a हाँगकाँगची शवपेटी | ||
| 250 | _a1 | ||
| 260 | _c1980 | ||
| 300 | _a210 | ||
| 600 | _aचेस जेम्स हॅडले | ||
| 630 | _a हाँगकाँगची शवपेटी | ||
| 700 | _aदेवधर विजय | ||
| 700 | _aचेस जेम्स हॅडले | ||
| 730 | _a हाँगकाँगची शवपेटी | ||
| 942 | _cBOOK | ||
| 999 |
_c165911 _d165911 |
||